Online
Catalog

El poder barrial : (Record no. 45621)

MARC details
000 -CABECERA
campo de control de longitud fija 00839nam a2200157 a 4500
001 - NÚMERO DE CONTROL
campo de control 000046132
005 - FECHA Y HORA DE LA ÚLTIMA TRANSACCIÓN
campo de control 20201002052647.0
008 - DATOS DE LONGITUD FIJA--INFORMACIÓN GENERAL
campo de control de longitud fija 150625s1986 dr ab 000 0 spa d
040 ## - FUENTE DE LA CATALOGACIÓN
Centro catalogador/agencia de origen DO-SdBNP
Lengua de catalogación spa
Centro/agencia transcriptor BNPHU
082 ## - NÚMERO DE LA CLASIFICACIÓN DECIMAL DEWEY
Número de clasificación xxxx
Número de documento/Ítem xxxx
100 1# - ENTRADA PRINCIPAL--NOMBRE DE PERSONA
Nombre de persona Matias, Bernardo
9 (RLIN) 6004
245 13 - MENCIÓN DE TÍTULO
Título El poder barrial :
Resto del título acción liberadora /
Mención de responsabilidad, etc. Matias, Bernardo.
260 ## - PUBLICACIÓN, DISTRIBUCIÓN, ETC.
Lugar de publicación, distribución, etc. Santo Domingo :
Nombre del editor, distribuidor, etc. Centro Dominicano de Estudios de la Educación,
Fecha de publicación, distribución, etc. 1986.
300 ## - DESCRIPCIÓN FÍSICA
Extensión 121 p. :
Otras características físicas il., mapas ;
Dimensiones 21 cm.
505 0# - NOTA DE CONTENIDO CON FORMATO
Nota de contenido con formato Vida y lucha de los obladores barriales --
Título Breve balance de las experiencias del movimiento barrial popular dominicano --
-- La vida diaria en la comunidad: Espacio para la construcción de un poder cultural liberador --
-- Algunas respuestas a como trabajar con los pobladores en República Dominicana --
-- Perfil del dirigente popular en la comunidad.
Holdings
Estado de retiro Estado de pérdida No para préstamo Código de colección Localización permanente Ubicación/localización actual Ubicación en estantería Fecha de adquisición Número de inventario Total de préstamos Signatura topográfica completa Código de barras Fecha visto por última vez Precio válido a partir de Tipo de ítem Koha Nota pública
    Excluido de préstamo Patrimonio Dominicano Patrimonio Dominicano Patrimonio Dominicano En catalogación 25.06.2015 LF1   xxxx xxxx 46132-10 25.06.2020 25.06.2020 Libro y Folleto Colección Patrimonio Dominicano Perteneció a la biblioteca personal de Chiqui Vicioso / Fidelio Despradel.

Powered by Koha